| 000 -LEADER |
| fixed length control field |
01359nam a22002177a 4500 |
| 003 - CONTROL NUMBER IDENTIFIER |
| control field |
OSt |
| 005 - DATE AND TIME OF LATEST TRANSACTION |
| control field |
20260127085416.0 |
| 008 - FIXED-LENGTH DATA ELEMENTS--GENERAL INFORMATION |
| fixed length control field |
260127b ||||| |||| 00| 0 eng d |
| 020 ## - INTERNATIONAL STANDARD BOOK NUMBER |
| International Standard Book Number |
9781801301329 |
| 040 ## - CATALOGING SOURCE |
| Transcribing agency |
KH8 |
| 082 ## - DEWEY DECIMAL CLASSIFICATION NUMBER |
| Classification number |
FIC BEN |
| 100 ## - MAIN ENTRY--PERSONAL NAME |
| Personal name |
Bennett, M. A. , |
| Relator term |
author. |
| 245 ## - TITLE STATEMENT |
| Title |
Children of the Night / |
| Statement of responsibility, etc. |
M. A. Bennett. |
| 260 ## - PUBLICATION, DISTRIBUTION, ETC. |
| Place of publication, distribution, etc. |
London ; |
| Name of publisher, distributor, etc. |
Welbeck Children's Book , |
| Date of publication, distribution, etc. |
2025. |
| 300 ## - PHYSICAL DESCRIPTION |
| Extent |
401 pages : |
| Dimensions |
20 cm. |
| 520 ## - SUMMARY, ETC. |
| Summary, etc. |
You've heard of Jekyll and Hyde, you've heard of the Invisible Man, but have you heard of Castle Bran? Eve, Griffin, Hal and Ren are whisked away to Transylvania, to the supposed home of Dracula himself. Lured there by a desire to understand more about their true natures, our foursome are instead plunged into the midst of a deadly mystery.<br/><br/>Children are going missing, townspeople are being brutally killed and a suspicious stranger keeps appearing from the shadows. Meanwhile, Ren is trapped in Castle Bran, where his fate lies in the hands of a strange - yet oddly familiar - host.<br/><br/>With terrifying twists and turns around every corner, can the group uncover the answers they seek, or will this be the end of the Young Gothics?<br/><br/>Perfect for fans of Wednesday and Stranger Things. |
| 650 ## - SUBJECT ADDED ENTRY--TOPICAL TERM |
| Topical term or geographic name entry element |
Mystery |
| Form subdivision |
Fiction |
| 650 ## - SUBJECT ADDED ENTRY--TOPICAL TERM |
| Topical term or geographic name entry element |
Horror |
| Form subdivision |
Fiction |
| 650 ## - SUBJECT ADDED ENTRY--TOPICAL TERM |
| Topical term or geographic name entry element |
Fantasy |
| Form subdivision |
Young Adult Fiction |
| 942 ## - ADDED ENTRY ELEMENTS (KOHA) |
| Source of classification or shelving scheme |
|
| Koha item type |
Books - Fiction |